00410nam a2200157Ia 4500003000400000005001700004008004100021020001800062040000900080082002200089100002600111245005100137260004200188300000900230650001300239OSt20260416152739.0190216s9999||||xx |||||||||||||| ||und|| a9788188801640 coclc a894.812301bYAT/R aYati, Nitya Chaitanya 0aRoomi Paranja Kathakal /cNitya Chaitanya Yati bLipi Publications,c2013.aKozhikode: a263p aKathakal